000 00402nam a2200181Ia 4500
001 19078
005 20260306171717.0
008 260306s9999||||xx |||||||||||||| ||und||
041 _aESP
082 _a658.8
_bK44
100 _aKerin, Roger A.
_eAUT
245 0 _aMarketing
260 _c2014
300 _a714 páginas :
_c27 cm.
650 _aGEN
654 _aCAN
942 _cLIB
_dJUS
_fJUS
_2ddc
_n
999 _c19078
_d19078